000 01281nam a22002057a 4500
005 20240220125618.0
008 240219b ||||| |||| 00| 0 eng d
020 _a9780143452201
040 _cAL
041 _aeng
082 _223
_a155.2
_bFORW
100 _aDarius Foroux
_9151962
245 _aWin your inner Battles: defeat the enemy within and live with purpose
260 _aNew Zealand
_bPenguin Books
_c2016
300 _ax,130p.
_bPB
_c19.2x13cm.
365 _2General
_aVBI-2022
_b₹149.25
_c
_d₹199.00
_e25%
_f16-01-2024
520 _aDo you want to change your career? Start a business? Stop losing sleep over a deadline? End your relationship? Or maybe, just live a fulfilling life? Everyone has goals and ambitions in life. But we often don't pursue our inner desires because of one thing: Fear and a lack of self-confidence. In Win Your Inner Battles, I will show you how to destroy fear and live your life with a sense of purpose. You’ll learn how to: Conquer fear Improve self-confidence Stop worrying And live life on YOUR terms I wrote this book based on my own experiences. No matter how bad your situation is, there is always a way out.
650 _2Differential and Developmental Psychology
_aIndividual Psychology
_9151963
942 _2ddc
_cBK
999 _c229860
_d229860